<?xml version="1.0" encoding="UTF-8"?>
<marc:record xmlns:marc="http://www.loc.gov/MARC21/slim">
   <marc:leader>00000nam a2200000 a 4500</marc:leader>
   <marc:datafield ind1="1" ind2=" " tag="100">
      <marc:subfield code="a">Lapierre, Dominique</marc:subfield>
      <marc:subfield code="4">aut</marc:subfield>
      <marc:subfield code="e">Verfasser/-in</marc:subfield>
   </marc:datafield>
   <marc:datafield ind1="0" ind2="0" tag="245">
      <marc:subfield code="a">Ihr seid die Hoffnung</marc:subfield>
   </marc:datafield>
   <marc:datafield ind1=" " ind2="1" tag="264">
      <marc:subfield code="a">München</marc:subfield>
      <marc:subfield code="b">Bertelsmann</marc:subfield>
      <marc:subfield code="c">1991</marc:subfield>
   </marc:datafield>
   <marc:datafield ind1=" " ind2=" " tag="250">
      <marc:subfield code="a">1. Aufl.</marc:subfield>
   </marc:datafield>
   <marc:datafield ind1="1" ind2=" " tag="520">
      <marc:subfield code="a">Es ist das Jahr 1980, als eine bisher nie  aufgetretene krankhafte Immunschwäche wie  eine Geißel aus dem Mittelalter unter den  Menschen zu wüten beginnt. Tausende sterben  ohne Hilfe, während Ärzte und Wissenschaftler  verzweifelt Jagd auf den unbekannten Virus  machen. Dominique Lapierre hat diesen  Wettlauf mit dem Tod minutiös recherchiert.  Sein dramatisches Buch erzählt von  Enttäuschungen und Entdeckungen - und von  jenen Menschen, die die Hoffnung nie aufgeben  und deshalb selbst zur Hoffnung werden.</marc:subfield>
   </marc:datafield>
   <marc:datafield ind1=" " ind2=" " tag="020">
      <marc:subfield code="a">9783570019245</marc:subfield>
      <marc:subfield code="9">9783570019245</marc:subfield>
   </marc:datafield>
   <marc:datafield ind1=" " ind2=" " tag="300">
      <marc:subfield code="a">478 S.</marc:subfield>
   </marc:datafield>
</marc:record>
